Statystyki dla Miasta kończące się na -sk

Kliknij tutaj aby rozwiązać quiz!

Ogólne statystyki

  • Ten quiz został rozwiązany 155 razy
  • Średni wynik to 3 z 19

Statystyki odpowiedzi

Liczba MieszkańcówOdpowiedź% Poprawnych
582 378Gdańsk
78%
1 974 819Mińsk
56%
560 472Lipsk
25%
1 584 138Nowosybirsk
22%
1 127 675Omsk
20%
303 754Murmańsk
16%
425 950Kursk
15%
1 095 909Czelabińsk
14%
330 961Smoleńsk
14%
543 596Tomsk
14%
350 258Archangielsk
10%
631 182Iżewsk
9%
409 895Ługańsk
9%
1 083 865Krasnojarsk
7%
589 596Chabarowsk
5%
410 733Magnitogorsk
5%
411 798Briańsk
4%
314 789Sarańsk
4%
966 400Dniepropetrowsk
2%

Rozkład punktacji

Percentyl według liczby udzielonych odpowiedzi

Procent ludzi z każdym wynikiem

Twoja historia wyników

Nie rozwiązałeś tego quizu